Historia de la guerra del mundo
Uloženo v:
| Hlavní autor: | |
|---|---|
| Médium: | Kniha |
| Jazyk: | španělština |
| Vydáno: |
Nueva York, USA
Doubleday
1917
|
| Témata: | |
| Tagy: |
Přidat tag
Žádné tagy, Buďte první, kdo vytvoří štítek k tomuto záznamu!
|
MARC
| LEADER | 00000nam a2200000 a 4500 | ||
|---|---|---|---|
| 001 | UCO0335 | ||
| 003 | CL-VaPUC | ||
| 005 | 20210728001526.0 | ||
| 008 | 000420e19170000US |||||||||||||||||spa|d | ||
| 999 | |c 287046 |d 287044 | ||
| 040 | |c Pontificia Universidad Católica de Valparaíso | ||
| 082 | 0 | 4 | |a 940.3 SIM 1917 |2 21 |
| 100 | 0 | |a Simonds, Frank H |e author |9 441539 | |
| 245 | 1 | 0 | |a Historia de la guerra del mundo |
| 260 | |a Nueva York, USA |b Doubleday |c 1917 | ||
| 300 | |a 5 volúmenes | ||
| 583 | |a last modification |c 20000420 00:00:00 |k Rodrigo Vera | ||
| 650 | 0 | |a Historia de Europa |9 392003 | |
| 650 | 0 | |a Historia contemporánea |9 343224 | |
| 650 | 0 | |a Primera Guerra Mundial |9 373283 | |
| 942 | |c BK |2 ddc | ||
| 945 | |d 20000420 00:00:00 |a rherrera | ||
| 952 | |0 0 |1 0 |2 ddc |4 0 |6 940_300000000000000_SIM_1917 |7 0 |8 X |9 333436 |a BIBHIS |b BIBHIS |d 2019-11-20 |h v.1 |i 1264834 |o 940.3 SIM 1917 |p 1264834 |r 2024-01-30 |t 1 |w 2019-11-20 |y BK_X |k HIS | ||
| 952 | |0 0 |1 0 |2 ddc |4 0 |6 940_300000000000000_SIM_1917 |7 0 |8 X |9 333437 |a BIBHIS |b BIBHIS |d 2019-11-20 |h v.2 |i 1264842 |o 940.3 SIM 1917 |p 1264842 |r 2024-01-30 |t 1 |w 2019-11-20 |y BK_X |k HIS | ||
| 952 | |0 0 |1 0 |2 ddc |4 0 |6 940_300000000000000_SIM_1917 |7 0 |8 X |9 333438 |a BIBHIS |b BIBHIS |d 2019-11-20 |h v.3 |i 1264850 |o 940.3 SIM 1917 |p 1264850 |r 2024-01-30 |t 1 |w 2019-11-20 |y BK_X |k HIS | ||
| 952 | |0 0 |1 0 |2 ddc |4 0 |6 940_300000000000000_SIM_1917 |7 0 |8 X |9 333439 |a BIBHIS |b BIBHIS |d 2019-11-20 |h v.4 |i 1264869 |o 940.3 SIM 1917 |p 1264869 |r 2024-01-30 |t 1 |w 2019-11-20 |y BK_X |k HIS | ||
| 952 | |0 0 |1 0 |2 ddc |4 0 |6 940_300000000000000_SIM_1917 |7 0 |8 X |9 333440 |a BIBHIS |b BIBHIS |d 2019-11-20 |h v.5 |i 1264877 |o 940.3 SIM 1917 |p 1264877 |r 2024-01-30 |t 1 |w 2019-11-20 |y BK_X |k HIS | ||